| 000 | 00423nam a2200157Ia 4500 | ||
|---|---|---|---|
| 008 | 230312s9999||||xx |||||||||||||| ||und|| | ||
| 020 | _a0-324-28889-1 | ||
| 082 |
_a338.5 _bHIR-F |
||
| 100 | _aHirchey Mark | ||
| 245 | 0 | _aFundamentals of Managerial Economics | |
| 260 |
_bThomson _aUK _c2006 |
||
| 300 | _a666 | ||
| 546 | _aEng. | ||
| 650 |
_aEconomics _vOverview of Managerial Economics , Imperfect Competition |
||
| 942 | _cBK | ||
| 999 |
_c977 _d977 |
||